Diseño e implementación de un convertidor DC-DC ajustable
Spremljeno u:
| Glavni autor: | |
|---|---|
| Daljnji autori: | |
| Format: | Knjiga |
| Jezik: | Spanish |
| Izdano: |
[San José], Costa Rica
2015
|
| Teme: | |
| Oznake: |
Dodaj oznaku
Bez oznaka, Budi prvi tko označuje ovaj zapis!
|
MARC
| LEADER | 00000nam a22000007a 4500 | ||
|---|---|---|---|
| 003 | 012421 | ||
| 005 | 20230912105740.0 | ||
| 008 | 160714b2015 cr a|||| |||| 00| ||spa d | ||
| 040 | |c cru CEDI | ||
| 090 | |a TFG 7579 | ||
| 100 | |9 5237 |a Molina Aguilar, Jeffry | ||
| 245 | |a Diseño e implementación de un convertidor DC-DC ajustable | ||
| 260 | |a [San José], Costa Rica |c 2015 | ||
| 300 | |a xi, 84 hojas; ilustraciones a color | ||
| 500 | |a Proyecto de graduación (bachillerato en ingeniería eléctrica)--Universidad de Costa Rica. Facultad de Ingeniería. Escuela de Ingeniería Eléctrica | ||
| 501 | |a Profesor Guía de IE-0499 Proyecto Eléctrico: Ing. Gustavo Núñez Segura | ||
| 650 | |x CONVERTIDORES DE CORRIENTE ELECTRICA - DISEÑO Y CONSTRUCCION |x ELECTRONICA DE POTENCIA |9 5238 | ||
| 700 | |9 918 |a Núñez Segura, Gustavo, 1990- |d Director de Proyecto Eléctrico | ||
| 942 | |c CEDI | ||
| 999 | |c 17002 |d 17002 | ||
